000 01226nam a22002177a 4500
999 _c59097
_d59097
003 Ge_BSU
005 20221124155704.0
008 221124s1979ge xxu||||| |||| 00| 0 geo d
041 _ageo
080 _a821.14'01-13 ჰ-80
100 _aჰომეროსი, ავტორი.
_916054
245 _aოდისეა
_bჰომეროსი /
_c [პოემა ბერძნ. თარგმნა პ. ბერაძემ ; რედ. და წინასიტყვ. ავტ. რ. გორდეზიანი.]
264 _aთბილისი :
_b საბჭ. საქართველო,
_c1979.
300 _a465 გვ. ;
_b21 სმ.
440 _aმსოფლიო ლიტერატურის ბიბლიოთეკა. პირველი სერია ; ტ. 3
_916055
501 _aშენიშვნები: გვ. 423-443. საკუთარი და გეოგრაფიული სახელები: გვ. 445-464.
653 _aოდისეა
700 _aბერაძე, პ
_eმთარგმნელი
_916056
700 _aგორდეზიანი, რ
_eრედაქტორი
_916057
942 _2udc
_cBK